| 000 | 00961 a2200181 4500 | ||
|---|---|---|---|
| 003 | Nust | ||
| 005 | 20221019164329.0 | ||
| 022 | _a9812531394 | ||
| 040 | _cNust | ||
| 082 | _a620.00151,THO | ||
| 100 |
_aThompson,Erik G _9100903 |
||
| 245 |
_a Introduction to the Finite Element Method _bTheory ,Programminng and Applications/ _cErock G ,Thompson |
||
| 260 |
_aIndia _b Wiley, & sons _c2005 |
||
| 300 | _a343:p | ||
| 505 | _aIntroduction (Page-1), Calculus Of Variations (Page-23), A Finite Element Program (Page-35), Linear Second-Order Ordinary Differential Equations (Page-53), A Finite Element Function For Two Dimensions (Page-83), Poison’s Equations (Page-91), Higher Order Elements (Page-133), A FEM Program For Two Dimensional Boundary Value Problems (Page-157), Analysis Of Transient Behavior (Page-191), Elasticity (Page-221), Higher Order Equations (Page-261). | ||
| 650 |
_a Interduction to the Finite Element Method _9100904 |
||
| 942 |
_2ddc _cBK |
||
| 999 |
_c182261 _d182261 |
||